Curiosità sugli ascendenti zodiacali - Statistics

Statistiche generali
  • Questo quiz è stato fatto 19 volte
  • Il punteggio medio è 6 su 10
Statistiche sulle risposte
Domanda Risposta % Corretto
Cosa serve per calcolare l'ascendente? Data, ora e luogo di nascita
93%
Una persona con il Sole in Leone e ascendente Ariete sarà probabilmente: Energica e con forte personalità
93%
Due persone nate lo stesso giorno ma in città diverse possono avere ascendente diverso perchè: Cambia la latitudine e l'orizzonte zodiacale
57%
Il segno opposto all'ascendente si chiama: Discendente
57%
L'ascendente influenza principalmente: Modo in cui ci vedono gli altri
57%
Un ascendente Capricorno dona spesso: Serietà, ambizione ed autocontrollo
57%
L'ascendente rappresenta: Il segno zodiacale che sorge all'orizzonte est al momento della nascita
50%
L'ascendente cambia: Ogni 2 ore
50%
Il medio-cielo rappresenta: Emozioni profonde
29%
Se sei nato all'alba il tuo ascendente sarà? Uguale al tuo segno solare
29%
Nessun quiz corrispondente trovato
Distribuzione punteggi
Percentuale di utenti per punteggio
Percentile per numero di risposta
I tuoi punteggi nel tempo
Non hai fatto questo quiz